[Event "ch-Frankfurt A"]
[White "Krause, Jonah"]
[Black "Neukirchner, Pascal"]
[Site "Frankfurt"]
[Result "1-0"]
[Round "5.1"]
[WhiteElo "2374"]
[BlackElo "2230"]
[PlyCount "300"]
[Date "2024.06.03"]
[Time "18:30:00"]
[WhiteTeam "FC ST.Pauli 1910 eV SAbt"]
[BlackTeam "SK Gründau"]

1. d4 Nf6 2. c4 c5 3. d5 b5 4. cxb5 a6 5. e3 g6 6. Nc3 Bg7 7. a4 O-O 8. e4 Bb7 9. 
Bg5 Qa5 10. Bd2 Qd8 11. Bc4 e6 12. Nge2 exd5 13. exd5 d6 14. O-O Nbd7 15. Bf4 Nb6 
16. bxa6 Bxa6 17. Bxa6 Rxa6 18. Qd3 c4 19. Qf3 Qd7 20. a5 Rfa8 21. Be3 Nc8 22. Nd4 
Qg4 23. Nc6 Qxf3 24. gxf3 Nxd5 25. Nxd5 Rxc6 26. Ra2 Kf8 27. Rc1 Ke8 28. Rc2 Kd7 
29. Ra4 Ke6 30. Nf4+ Kd7 31. Nd5 Ke6 32. Nb4 Rc7 33. Re2 Kd7 34. Nd5 Rb7 35. a6 
Rb5 36. Rd2 Rxb2 37. Rxb2 Bxb2 38. Rxc4 f6 39. a7 Rxa7 40. Bxa7 Nxa7 41. Rc7+ Ke6 
42. Nf4+ Kf5 43. Ne2 Nb5 44. Rb7 Nd4 45. Rxb2 Nxf3+ 46. Kg2  1-0

[Event "ch-Frankfurt A"]
[White "Casagrande, Thomas, Dr."]
[Black "Steudel, Max"]
[Site "Frankfurt"]
[Result "1/2-1/2"]
[Round "5.3"]
[WhiteElo "2015"]
[BlackElo "2031"]
[PlyCount "300"]
[Date "2024.06.03"]
[Time "18:30:00"]
[WhiteTeam "Sabt Frankfurter TV 1860"]
[BlackTeam "SC Brett vorm Kopp Ffm"]

1. e4 c5 2. Nf3 Nc6 3. d4 cxd4 4. Nxd4 e5 5. Nb5 d6 6. N1c3 a6 7. Na3 Be7 8. Nd5 
Nf6 9. Nxf6+ Bxf6 10. Nc4 Be7 11. Be3 O-O 12. Nb6 Rb8 13. Nxc8 Rxc8 14. Qd2 Nd4 
15. Bxd4 exd4 16. Bd3  1/2-1/2

[Event "ch-Frankfurt A"]
[White "Yalcin, Alparslan"]
[Black "Biegel, Thomas"]
[Site "Frankfurt"]
[Result "1-0"]
[Round "5.4"]
[WhiteElo "2107"]
[BlackElo "1974"]
[PlyCount "300"]
[Date "2024.06.03"]
[Time "18:30:00"]
[WhiteTeam "SC Kitzingen von 1905"]
[BlackTeam "SVG Eppstein 1932"]

1. e4 c6 2. d4 d5 3. e5 Bf5 4. Nf3 e6 5. Be2 Nd7 6. O-O a6 7. Be3 Qc7 8. Nh4 Bg6 
9. g4 Be7 10. g5 Bf5 11. Nxf5 exf5 12. c4 h6 13. cxd5 hxg5 14. d6 Bxd6 15. exd6 
Qxd6 16. f4 Qh6 17. Rf2 Qh3 18. Qd3 g4 19. Bd2 Ngf6 20. Nc3 O-O-O 21. Rd1 Qh5 22. 
b4 Rde8 23. d5 cxd5 24. Nxd5 Rxe2 25. Rxe2 g3 26. Ne7+ Kb8 27. Nxf5 gxh2+ 28. Kh1 
Qg4 29. Bc3 Rh3 30. Re3 Rxe3 31. Nxe3 Qf3+ 32. Ng2  1-0

[Event "ch-Frankfurt A"]
[White "Engel, Manfred"]
[Black "Brehme, Ralf-Peter"]
[Site "Frankfurt"]
[Result "1-0"]
[Round "5.6"]
[WhiteElo "2234"]
[BlackElo "1952"]
[PlyCount "300"]
[Date "2024.06.03"]
[Time "18:30:00"]
[WhiteTeam "SC Frankfurt-West"]
[BlackTeam "Vorw.Orient Mainz"]

1. c4 f5 2. Nc3 Nf6 3. g3 g6 4. Bg2 Bg7 5. e3 O-O 6. Nge2 d6 7. O-O c6 8. Rb1 a5 
9. b3 Na6 10. a3 Be6 11. d4 d5 12. c5 Bf7 13. Na4 Nd7 14. f4 e6 15. Bd2 Nc7 16. 
b4 axb4 17. Bxb4 Ne8 18. Qb3 Nef6 19. Nc1 Ne4 20. Nd3 Qc7 21. Nb6 Ra7 22. Nxd7 Qxd7 
23. Bxe4 fxe4 24. Ne5 Qc7 25. a4 Rfa8 26. a5 Be8 27. Bc3 Qe7 28. Rf2 Bf6 29. Qd1 
Qg7 30. Rfb2 Bd8 31. Qd2 Rc8 32. Rb3 Rc7 33. Ra3 Ra6 34. Rb6 Re7 35. Rxa6 bxa6 36. 
Rb3 Rb7 37. Qb2 Rxb3 38. Qxb3 Qa7 39. g4 Kg7 40. g5 Bc7 41. h4 Qb8 42. Qxb8 Bxb8 
43. Ng4 Bd7 44. Nf6 Bc8 45. Ng4 Bd7 46. Kg2 Bc7 47. Nf6  1-0

[Event "ch-Frankfurt A"]
[White "Rutsatz, Mario"]
[Black "Rondonuwu, Grover"]
[Site "Frankfurt"]
[Result "0-1"]
[Round "5.7"]
[WhiteElo "1948"]
[BlackElo "2015"]
[PlyCount "300"]
[Date "2024.06.03"]
[Time "18:30:00"]
[WhiteTeam "SC 1961 König Nied"]
[BlackTeam "Sabt Frankfurter TV 1860"]

1. c4 e5 2. Nf3 Nc6 3. Nc3 Bc5 4. Nxe5 Bxf2+ 5. Kxf2 Nxe5 6. e3 Nxc4 7. d4 Nb6 8. 
Bd3 Qf6+ 9. Qf3 d5 10. Rf1 Bg4 11. Qxf6 Nxf6 12. Kg3 Be6 13. Nb5 Kd7 14. Bd2 c6 
15. Nc3 Rac8 16. h3 Ne8 17. b4 Nd6 18. b5 cxb5 19. Kh2 a6 20. a4 b4 21. Ne2 a5 22. 
Nf4 Ndc4 23. Bxc4 Nxc4 24. Ra2 Rhe8 25. Nd3 b6 26. Be1 f6 27. Nf2 Nd6 28. Nd3 Bf5 
29. Nf4 Be4 30. Nh5 Rg8 31. Bh4 b3 32. Rb2 Rc2 33. Rf2 Rxb2 34. Rxb2 Bc2 35. Bxf6 
Nc4  0-1

[Event "ch-Frankfurt A"]
[White "Gutacker, Stephan"]
[Black "Orwatsch, Gerhard"]
[Site "Frankfurt"]
[Result "1/2-1/2"]
[Round "5.8"]
[WhiteElo "1932"]
[BlackElo "2051"]
[PlyCount "300"]
[Date "2024.06.03"]
[Time "18:30:00"]
[WhiteTeam "Sfr.1932 Kelkheim"]
[BlackTeam "SK 1858 Gießen"]

1. e4 d5 2. exd5 Qxd5 3. Nc3 Qd8 4. Bc4 Nf6 5. Nge2 Bf5 6. d3 e6 7. a3 c6 8. O-O 
Be7 9. Ng3 Bg6 10. b4 b5 11. Bb3 a5 12. bxa5 Rxa5 13. Bb2 O-O 14. Nce4 Nbd7 15. 
a4 b4 16. Qe2 Nd5 17. f4 N7f6 18. Nxf6+ Bxf6 19. Bxf6 Qxf6 20. Ne4 Qd8 21. Nd2 Nb6 
22. Nc4 Nxc4 23. Bxc4 Qd6 24. Qd2 Rfa8 25. Bb3 h5 26. Rae1 Bf5 27. h3 Rd8  1/2-1/2

[Event "ch-Frankfurt A"]
[White "Rudolph, Peter"]
[Black "Raumanns, Niklas"]
[Site "Frankfurt"]
[Result "1-0"]
[Round "5.9"]
[WhiteElo "2119"]
[BlackElo "1844"]
[PlyCount "300"]
[Date "2024.06.03"]
[Time "18:30:00"]
[WhiteTeam "SK 1858 Gießen"]
[BlackTeam "SC Bergen-Enkheim 1922"]

1. e4 e6 2. d3 d5 3. Nd2 Nf6 4. Ngf3 Bc5 5. h3 dxe4 6. dxe4 a6 7. Bd3 Nc6 8. O-O 
O-O 9. Nb3 Bd6 10. c3 h6 11. Qe2 e5 12. Be3 b6 13. Nbd2 Bb7 14. Nc4 Qe7 15. Nh4 
Bc8 16. Nxd6 Qxd6 17. Rad1 Qe7 18. Bc4 Na5 19. Ng6 Qe8 20. Nxf8 Qxf8 21. Bd3 Be6 
22. f4 Qe7 23. f5 Bxa2 24. b4  1-0

[Event "ch-Frankfurt A"]
[White "Bittner, Peter"]
[Black "Noble, Fabian"]
[Site "Frankfurt"]
[Result "0-1"]
[Round "5.10"]
[WhiteElo "1892"]
[BlackElo "2060"]
[PlyCount "300"]
[Date "2024.06.03"]
[Time "18:30:00"]
[WhiteTeam "SC 1961 König Nied"]
[BlackTeam "vereinslos"]

1. d4 d6 2. Bf4 g6 3. Nf3 Bg7 4. e3 Bg4 5. c3 Nd7 6. Be2 Bxf3 7. Bxf3 e5 8. Bg3 Ne7 
9. Nd2 Rb8 10. a4 O-O 11. h3 Kh8 12. O-O Nf5 13. d5 Nxg3 14. fxg3 Qg5 15. Qe1 Bh6 
16. Nc4 f5 17. h4 Qe7 18. e4 Rf6 19. g4 fxg4 20. Bxg4 Rxf1+ 21. Kxf1 Rf8+ 22. Bf3 
Nc5 23. Ke2 g5 24. b4 g4 25. bxc5 gxf3+ 26. gxf3 dxc5 27. Qg3 Bf4 28. Qh3 Rg8 29. 
Rd1 Bg3 30. Ne3 Qxh4 31. Qxh4 Bxh4 32. d6 cxd6 33. Rxd6 Bg5 34. Ng4 Re8 35. Rd7 
h5 36. Nf2 Re7 37. Rd8+ Kh7 38. Nh3 Bh4 39. Rd3 b6 40. f4 Bf6 41. Kf3 Kg6 42. Rd6 
Kg7 43. fxe5 Bxe5 44. Rd3 Kh6 45. c4 Rf7+ 46. Kg2 h4 47. Rf3 Rxf3 48. Kxf3 Kg6 49. 
Kg4 Bg3 50. Ng1 Kf7 51. Nf3 Ke6 52. Kh3 Kd6 53. Kg2 a6 54. Kh3 Kc6 55. Kg2 b5 56. 
cxb5+ axb5 57. axb5+ Kxb5 58. e5 Kc6 59. Nd2 Kd5 60. Nb3 c4 61. Nd2 c3 62. Nb3 Kxe5 
63. Nc1 Ke4 64. Kh3 c2 65. Kg4 Ke3 66. Kh3 Kf4 67. Kg2 Kg4 68. Ne2 h3+ 69. Kh1 Bf4 
70. Kg1 Be3+ 71. Kh2 Kf3  0-1

[Event "ch-Frankfurt A"]
[White "Lenhard, Martin"]
[Black "Döhne, Vincent"]
[Site "Frankfurt"]
[Result "0-1"]
[Round "5.11"]
[WhiteElo "2004"]
[BlackElo "1623"]
[PlyCount "300"]
[Date "2024.06.03"]
[Time "18:30:00"]
[WhiteTeam "SV 1920 Hofheim"]
[BlackTeam "SC 1979 Hattersheim"]

1. e4 c6 2. d4 d5 3. f3 e6 4. Nc3 b5 5. Bf4 b4 6. Nce2 Nf6 7. e5 Nfd7 8. Be3 c5 9. 
f4 Nc6 10. Nf3 Be7 11. dxc5 Bxc5 12. Bxc5 Nxc5 13. Ned4 Nxd4 14. Qxd4 Qa5 15. b3 
O-O 16. Bd3 Ba6 17. Bxa6 Nxa6 18. O-O Rfc8 19. Ne1 Nc7 20. Nd3 Rab8 21. f5 Qb6 22. 
Qxb6 Rxb6 23. a3 bxa3 24. Rxa3 Nb5 25. Ra2 Rb7 26. fxe6 fxe6 27. Rf4 Nc3  0-1

[Event "ch-Frankfurt A"]
[White "Rabiya, Karim"]
[Black "Hochmuth, Christian"]
[Site "Frankfurt"]
[Result "1-0"]
[Round "5.12"]
[WhiteElo "1841"]
[BlackElo "1996"]
[PlyCount "300"]
[Date "2024.06.03"]
[Time "18:30:00"]
[WhiteTeam "SK Niederbrechen 1948"]
[BlackTeam "Schachdrachen Büdingen-Wächtersb"]

1. e4 c6 2. Nc3 d5 3. Nf3 Bg4 4. h3 Bxf3 5. Qxf3 e6 6. g3 Nd7 7. Bg2 Ngf6 8. O-O 
Be7 9. a4 O-O 10. a5 Bb4 11. a6 b6 12. d4 Rc8 13. e5 Ne8 14. Ne2 Be7 15. Nf4 c5 
16. c3 cxd4 17. cxd4 Nb8 18. h4 Rc4 19. Rd1 Nc6 20. Be3 Nb4 21. Bf1 Rc2 22. Rd2 
Qc8 23. Rxc2 Qxc2 24. Rc1 Qa4 25. Qg4 Qd7 26. Bd2 Na2 27. Ra1 Nb4 28. Rc1 Na2 29. 
Re1 Bb4 30. Bxb4 Nxb4 31. Nh5 Kh8 32. Nf4 Nc7 33. Qe2 Nbxa6 34. Ra1 b5 35. Qd2 Rb8 
36. Bd3 Rb7 37. Nh5 Nb8 38. Nf6 gxf6 39. Qh6 f5 40. Qf8#  1-0

[Event "ch-Frankfurt A"]
[White "Zimmer, Gerald, Dr."]
[Black "Ghaznavi, Massoud"]
[Site "Frankfurt"]
[Result "1-0"]
[Round "5.13"]
[WhiteElo "1944"]
[BlackElo "1722"]
[PlyCount "300"]
[Date "2024.06.03"]
[Time "18:30:00"]
[WhiteTeam "SC Bergen-Enkheim 1922"]
[BlackTeam "SV Oberursel"]

1. d4 c6 2. c4 d5 3. Nf3 h6 4. Nc3 Bf5 5. cxd5 cxd5 6. Qb3 e6 7. Qxb7 Nd7 8. Bf4 
a6 9. e3 Qc8 10. Qxc8+ Rxc8 11. Bxa6 Rc6 12. Bb5 Rb6 13. Ne5 Ngf6 14. O-O Bb4 15. 
a4 Bxc3 16. bxc3 Ke7 17. Nc6+ Kf8 18. Nd8 g5 19. Bc7 Kg7 20. Bxb6 Nxb6 21. Nc6 Ne4 
22. a5 Na8 23. Rfc1 Nd6 24. Be2 h5 25. Ra4 g4 26. Rb4 Kf6 27. Rb8 Rxb8 28. Nxb8 
Ke7 29. f3 Nc4 30. Bxc4 dxc4 31. e4 Bg6 32. Rb1 Kd6 33. Na6 f5 34. e5+ Kc6 35. Rb8 
gxf3 36. gxf3 f4  1-0

[Event "ch-Frankfurt A"]
[White "Diehl, Felix"]
[Black "Dolidze, David"]
[Site "Frankfurt"]
[Result "0-1"]
[Round "5.14"]
[WhiteElo "1867"]
[BlackElo "1593"]
[PlyCount "300"]
[Date "2024.06.03"]
[Time "18:30:00"]
[WhiteTeam "SC Matt im Park Ffm"]
[BlackTeam "SC Eschborn 1974"]

1. e4 c6 2. d4 d5 3. Nc3 dxe4 4. Nxe4 Nf6 5. Nxf6+ exf6 6. Bf4 Be6 7. c3 Bd6 8. Bxd6 
Qxd6 9. Nf3 O-O 10. Bd3 Re8 11. O-O Nd7 12. Nd2 Nf8 13. Ne4 Qc7 14. Re1 Re7 15. 
Qd2 Rae8 16. Re3 b6 17. a3 Ng6 18. Rg3 Bd5 19. f3 f5 20. Nf2 Nf4 21. Bf1 Ne2+ 22. 
Kh1 Nxg3+ 23. hxg3 Qxg3 24. c4 Bxf3 25. gxf3 Qxf3+ 26. Kg1 Re2  0-1

[Event "ch-Frankfurt A"]
[White "Rotermund, Verena"]
[Black "Fröhlich-Dill, Astrid"]
[Site "Frankfurt"]
[Result "1/2-1/2"]
[Round "5.15"]
[WhiteElo "1765"]
[BlackElo "1889"]
[PlyCount "300"]
[Date "2024.06.03"]
[Time "18:30:00"]
[WhiteTeam "Vorw.Orient Mainz"]
[BlackTeam "SV 1920 Hofheim"]

1. e4 e6 2. d4 b6 3. Bd3 Bb7 4. Nf3 c5 5. Nc3 cxd4 6. Nxd4 Bb4 7. Bd2 Nc6 8. Nf3 
a6 9. a3 Bd6 10. O-O Ne5 11. Nxe5 Bxe5 12. Qe2 Ne7 13. Rad1 O-O 14. Kh1 f6 15. Bc4 
Qc7 16. f4 Bxc3 17. Bxc3 Kh8 18. Bd3 Ng6 19. Qg4 Rae8 20. Rde1 d5 21. exd5 f5 22. 
Qg5 Bxd5 23. h4 Qd8 24. Bxa6 Qxg5 25. hxg5 Nh4 26. Rf2 Kg8 27. Bd4 Ra8 28. Bb5 Rab8 
29. Bd3 Kf7 30. c4 Ba8 31. Be5 Rbd8 32. Bb1 Rd7 33. Kh2 Rfd8 34. Ree2 Ng6 35. Bc3 
Rd1 36. Ba2 Be4 37. Bb3 R1d7 38. Bc2 Bxc2 39. Rxc2 Rh8 40. g3 h6 41. gxh6 Rxh6+ 
42. Kg2 Rh8 43. Rcd2 Rhd8 44. Rxd7+ Rxd7 45. Rd2 Nf8 46. Rxd7+ Nxd7 47. Bd4 g6 48. 
Kf3 Ke8 49. g4 Kd8 50. gxf5 gxf5 51. Kg3 Kc7 52. Kh4 Nb8 53. Kg5 Nc6 54. Bc3 Kd6 
55. Kf6 Kd7 56. b4 Nd8 57. Bd4 Kc7 58. c5 bxc5 59. Bxc5 Kd7 60. Ke5 Nc6+ 61. Kf6 
Nd8 62. b5 Nb7 63. Bb4 Nd8 64. a4 Nb7 65. Ke5 Nd8 66. a5 Nf7+ 67. Kd4 Kc7 68. Kc5 
e5 69. fxe5 Nxe5 70. Kd4 Nd7 71. Kd5 Nb8 72. Ke5 Kb7 73. Kxf5 Na6 74. Be1 Nc7 75. 
b6 Nd5 76. Ke6 Nxb6  1/2-1/2

[Event "ch-Frankfurt A"]
[White "Sadeghi, Behrang"]
[Black "Schulze, Manfred"]
[Site "Frankfurt"]
[Result "1-0"]
[Round "5.16"]
[WhiteElo "2228"]
[BlackElo "1887"]
[PlyCount "300"]
[Date "2024.06.03"]
[Time "18:30:00"]
[WhiteTeam "SK Bad Homburg 1927"]
[BlackTeam "SC Steinbach"]

1. e4 d5 2. exd5 Nf6 3. d4 Nxd5 4. c4 Nf6 5. Nf3 Bf5 6. Be2 e6 7. O-O Be7 8. Qb3 
Qc8 9. Nc3 Nbd7 10. Re1 h6 11. Bf1 O-O 12. h3 c6 13. Bf4 Re8 14. Rac1 b6 15. d5 
Bc5 16. dxc6 Qxc6 17. Nb5 Rec8 18. Nfd4 Bxd4 19. Nxd4 Qc5 20. Be3 Qa5 21. Nxf5 Qxf5 
22. g4 Nxg4 23. hxg4 Qxg4+ 24. Bg2 Ne5 25. Bxh6 Rxc4 26. Rxc4 Nxc4 27. Qg3 Qxg3 
28. fxg3 Rd8 29. Bc1 e5 30. b3  1-0

[Event "ch-Frankfurt A"]
[White "Platt, Lukas"]
[Black "McAdam, Mark, Dr."]
[Site "Frankfurt"]
[Result "0-1"]
[Round "5.17"]
[WhiteElo "1833"]
[BlackElo "1995"]
[PlyCount "300"]
[Date "2024.06.03"]
[Time "18:30:00"]
[WhiteTeam "SC Flörsheim 1921"]
[BlackTeam "SC Brett vorm Kopp Ffm"]

1. d4 Nf6 2. Nf3 e6 3. c4 c5 4. d5 exd5 5. cxd5 b5 6. e3 a6 7. a4 b4 8. Bc4 d6 9. 
Nbd2 Be7 10. O-O O-O 11. Re1 Re8 12. h3 Nbd7 13. e4 Bf8 14. Qc2 Nb6 15. Bb3 Ra7 
16. a5 Na8 17. Nc4 Bd7 18. Bg5 Bb5 19. e5 Bxc4 20. Qxc4 dxe5 21. Rxe5 Nc7 22. Rd1 
Bd6 23. Rf5 Qc8 24. Bc2 Nd7 25. Qh4 Nf8 26. Be3 Nb5 27. Rh5 g6 28. Rh6 Qd8 29. Ng5 
f5 30. Qc4 Rxe3 31. fxe3 Qxg5 32. Rh4 Qxe3+ 33. Kf1 Bg3  0-1

[Event "ch-Frankfurt A"]
[White "Leitzig, Reamonn Franky James"]
[Black "Ottenburg, Ralph"]
[Site "Frankfurt"]
[Result "1-0"]
[Round "5.18"]
[WhiteElo "1748"]
[BlackElo "1962"]
[PlyCount "300"]
[Date "2024.06.03"]
[Time "18:30:00"]
[WhiteTeam "SV 1934 Ffm-Griesheim"]
[BlackTeam "Sabt Frankfurter TV 1860"]

1. e4 c5 2. Nf3 e6 3. d4 cxd4 4. Nxd4 Nc6 5. Nc3 Qc7 6. Be3 a6 7. Be2 Nf6 8. O-O 
Be7 9. f4 d6 10. a4 O-O 11. Bf3 Nxd4 12. Bxd4 e5 13. Be3 b6 14. f5 Bb7 15. Qd3 Rac8 
16. g4 d5 17. exd5 e4 18. Bxe4 Nxg4 19. Bf4 Bd6 20. Qg3 Qc5+ 21. Kh1 Bxf4 22. Rxf4 
Nf6 23. Rg1 Ne8 24. Rg4 Kh8 25. d6 Bxe4+ 26. Rxe4 Qc6 27. d7 Qxd7 28. Rxe8 Qb7+ 
29. Re4 f6 30. Qg2 Rc5 31. Rg4 Qxg2+ 32. R4xg2 Rxf5 33. Rxg7 Rf2 34. R7g2 Rxg2 35. 
Rxg2 Re8 36. Kg1 Re5 37. Re2 Kg7 38. Rxe5 fxe5 39. Kf2 Kg6 40. Ne4 b5 41. a5  1-0

[Event "ch-Frankfurt A"]
[White "Erbach, Jürgen"]
[Black "Tews, Artur"]
[Site "Frankfurt"]
[Result "1/2-1/2"]
[Round "5.19"]
[WhiteElo "1590"]
[BlackElo "1672"]
[PlyCount "300"]
[Date "2024.06.03"]
[Time "18:30:00"]
[WhiteTeam "Sfr.1932 Kelkheim"]
[BlackTeam "SK 1959 Bischofsheim"]

1. Nf3 e6 2. e3 d5 3. c4 c6 4. Nc3 Nf6 5. b3 Be7 6. Bb2 O-O 7. cxd5 exd5 8. h3 Re8 
9. Bd3 h6 10. O-O c5 11. Rc1 Nc6 12. Bb1 Be6 13. Na4 c4 14. Nd4 Nxd4 15. Bxd4 b5 
16. Nc5 a5 17. Nxe6 fxe6 18. d3 Ba3 19. Rc2 e5 20. Bb2 Bxb2 21. Rxb2 c3 22. Re2 
d4 23. b4 a4 24. a3 Kh8 25. Ba2 Rc8 26. Qc2 e4 27. Rd1 dxe3 28. Rxe3 Qc7 29. dxe4 
Qf4 30. Bd5 Red8 31. Rdd3 Nxd5 32. exd5 Qf5 33. Rf3 Qg6 34. Qc1 c2 35. Rc3 Rxc3 
36. Rxc3 Rxd5 37. Rxc2 Qd3 38. Rc3 Qe2 39. Rc8+ Kh7 40. Qb1+ Qd3 41. Qc1 Qb3 42. 
Qf4 Rd1+ 43. Kh2 Qb1 44. Rc7 Rh1+ 45. Kg3 Qg6+  1/2-1/2

[Event "ch-Frankfurt A"]
[White "Kuckel, Michael, Dr."]
[Black "Ewers, Christian"]
[Site "Frankfurt"]
[Result "0-1"]
[Round "5.21"]
[WhiteElo "1720"]
[BlackElo "1820"]
[PlyCount "300"]
[Date "2024.06.03"]
[Time "18:30:00"]
[WhiteTeam "SC Matt im Park Ffm"]
[BlackTeam "vereinslos"]

1. d4 c5 2. e3 e6 3. Nf3 a6 4. c3 Nf6 5. Bd3 d5 6. Nbd2 b6 7. O-O Be7 8. Qe2 O-O 
9. e4 Nc6 10. Ne5 Nxe5 11. dxe5 Nd7 12. exd5 exd5 13. f4 f5 14. Nf3 Nb8 15. Be3 
Nc6 16. Rad1 Qe8 17. Qf2 Ra7 18. Bc2 Be6 19. a3 Na5 20. Nd2 Rd7 21. b4 Nb7 22. Nf3 
Qb8 23. Bb3 a5 24. Qd2 axb4 25. axb4 Nd8 26. Bf2 Nc6 27. bxc5 bxc5 28. Rb1 Qc7 29. 
Rb2 Na5 30. Ba2 Qc6 31. Rfb1 Rb7 32. Rxb7 Nxb7 33. Qb2 Nd8 34. Bh4 Bxh4 35. Nxh4 
Qa4 36. Qd2 c4 37. Rb4 Qa3 38. Qb2 Qa7+ 39. Qf2 Qxf2+ 40. Kxf2 d4 41. cxd4 c3 42. 
Bxe6+ Nxe6 43. Rb1 c2 44. Rc1 Nxd4 45. Nxf5 Nxf5 46. Ke2 Kf7 47. Kd3 Ke6 48. g4 
Ne7 49. h3 Rc8 50. Rxc2 Rxc2 51. Kxc2 Nd5 52. Kd3 Nxf4+ 53. Ke4 Ng6 54. g5 Nxe5 
55. Kf4 Ng6+ 56. Kg4 Ke5 57. h4 Nf4 58. g6 Nxg6 59. h5 Nf4 60. Kg5 Ne6+ 61. Kg4 
Kf6  0-1

[Event "ch-Frankfurt A"]
[White "Diehl, Stefan"]
[Black "Bernhardt, Winfried"]
[Site "Frankfurt"]
[Result "1-0"]
[Round "5.22"]
[WhiteElo "1863"]
[BlackElo "1364"]
[PlyCount "300"]
[Date "2024.06.03"]
[Time "18:30:00"]
[WhiteTeam "SC Eschborn 1974"]
[BlackTeam "SV 1997 Nauheim"]

1. f4 d6 2. Nf3 Nf6 3. b3 Nc6 4. Bb2 e6 5. e3 a6 6. Be2 Be7 7. O-O O-O 8. Qe1 Nd5 
9. c4 Ndb4 10. Qd1 a5 11. a3 Na6 12. d4 Bf6 13. Nbd2 d5 14. Ne5 Nxe5 15. fxe5 Bg5 
16. Rf3 f6 17. Bd3 f5 18. Rh3 Bh6 19. Qe2 c6 20. Rf1 Qg5 21. Rff3 f4 22. exf4 Rxf4 
23. Rfg3 Qe7 24. Rxh6 Bd7 25. Rxh7 Raf8 26. Qh5  1-0

[Event "ch-Frankfurt A"]
[White "Gärtner, Peter"]
[Black "Winter, Olaf"]
[Site "Frankfurt"]
[Result "1-0"]
[Round "5.23"]
[WhiteElo "1764"]
[BlackElo "1639"]
[PlyCount "300"]
[Date "2024.06.03"]
[Time "18:30:00"]
[WhiteTeam "Sfr.Mainz 1928"]
[BlackTeam "SV Tübingen 1870 e.V."]

1. c4 e6 2. e3 b6 3. Nf3 Bb7 4. Be2 g6 5. Nc3 Bg7 6. d4 c6 7. O-O Ne7 8. Qc2 O-O 
9. e4 d5 10. e5 Nd7 11. Bf4 a6 12. a3 h6 13. b4 Rc8 14. Qd2 Kh7 15. c5 Nf5 16. h3 
f6 17. g4 Ne7 18. exf6 Nxf6 19. Bd6 Ne8 20. Bg3 Ng8 21. Ne5 Nef6 22. cxb6 Ne4 23. 
Nxe4 dxe4 24. Qe3 Nf6 25. g5 Nd5 26. Qxe4 Qxg5 27. Bd3 Nf4 28. h4 Qf5 29. Qxf5 Rxf5 
30. Bxf5 Bxe5 31. Bxg6+ Kxg6 32. dxe5 Ne2+ 33. Kh2 Nd4 34. f4 Kf5 35. Rad1 Ne2 36. 
Rd7 Rg8 37. Rf7+ Kg4 38. Rxb7 Nxg3 39. Rg1 Kf3 40. Kh3 Kf2 41. Rg2+ Kf3 42. Rf7 
 1-0

[Event "ch-Frankfurt A"]
[White "Kulkovets, Roman"]
[Black "Hudobec, Nicolas"]
[Site "Frankfurt"]
[Result "1-0"]
[Round "5.24"]
[WhiteElo "1685"]
[BlackElo "1362"]
[PlyCount "300"]
[Date "2024.06.03"]
[Time "18:30:00"]
[WhiteTeam "SAbt TuS Makkabi Ffm"]
[BlackTeam "SC Eschbach im Usinger Land"]

1. e4 c5 2. Nc3 Nc6 3. Nf3 e6 4. d4 cxd4 5. Nxd4 Nf6 6. Be3 Bb4 7. f3 O-O 8. a3 Be7 
9. Qd2 a6 10. O-O-O b5 11. g4 b4 12. axb4 Nxd4 13. Qxd4 Rb8 14. Na2 d5 15. g5 Nd7 
16. exd5 Bxg5 17. dxe6 fxe6 18. Bc4 Re8 19. Bxg5 Qxg5+ 20. f4 Qf6 21. Rhe1 Kh8 22. 
Qxf6 Nxf6 23. Rd6 Ra8 24. Bxe6 Bxe6 25. Rdxe6 Rxe6 26. Rxe6 Nd5 27. f5 h6 28. c4 
Nf6 29. Nc3 Rb8 30. Rxa6 Rxb4 31. Ra8+ Kh7 32. Rc8 Nd7 33. Nd5 Nb6 34. Nxb4 Nxc8 
35. c5 Ne7 36. c6 Nxf5 37. Nd5 Nd6 38. Ne7 Ne8 39. Nd5 Nd6 40. b4 Kg8 41. c7 Nc8 
42. b5  1-0

[Event "ch-Frankfurt A"]
[White "Held, Bernhard"]
[Black "Stricker, Konstantin"]
[Site "Frankfurt"]
[Result "1/2-1/2"]
[Round "5.26"]
[WhiteElo "1899"]
[BlackElo "1799"]
[PlyCount "300"]
[Date "2024.06.03"]
[Time "18:30:00"]
[WhiteTeam "SK 1908 Göggingen"]
[BlackTeam "SC Eschbach im Usinger Land"]

1. d4 d6 2. c4 Nf6 3. Nc3 c6 4. e4 Qa5 5. Bd2 Qc7 6. Rc1 e5 7. d5 Bg4 8. Be2 Bxe2 
9. Ngxe2 Nbd7 10. Ng3 Be7 11. O-O O-O 12. Nf5 Nc5 13. Qf3 Rfe8 14. b4 Ncd7 15. Rfd1 
a5 16. a3 axb4 17. axb4 b6 18. Ra1 Bf8 19. Rdc1 Qb7 20. Qd1 Rxa1 21. Rxa1 Ra8 22. 
Ra4 Rxa4 23. Qxa4 Nb8 24. f3 g6 25. Ng3 cxd5  1/2-1/2

[Event "ch-Frankfurt A"]
[White "Schweitzer, Stefan"]
[Black "Cichon, Jörg"]
[Site "Frankfurt"]
[Result "1-0"]
[Round "5.27"]
[WhiteElo "1833"]
[BlackElo "1818"]
[PlyCount "300"]
[Date "2024.06.03"]
[Time "18:30:00"]
[WhiteTeam "SF Frankfurt 1921"]
[BlackTeam "Sfr.Mainz 1928"]

1. c4 e5 2. g3 Nc6 3. Bg2 g6 4. Nc3 Bg7 5. d3 Nf6 6. e4 O-O 7. Nge2 d6 8. O-O a6 
9. h3 Bd7 10. Be3 h6 11. Qd2 Kh7 12. f4 Ng8 13. f5 g5 14. g4 Nd4 15. Ng3 f6 16. 
Kf2 Ne7 17. Rh1 Kg8 18. h4 Kf7 19. hxg5 hxg5 20. Rh7 Rh8 21. Rah1 Nec6 22. Nd5 Rxh7 
23. Rxh7 Qg8 24. Nxf6 Kxf6 25. Nh5+ Kf7 26. Rxg7+ Qxg7 27. Nxg7 Kxg7 28. Bxg5  1-0

[Event "ch-Frankfurt A"]
[White "Trierweiler, Joachim"]
[Black "Leichum, Engelbert"]
[Site "Frankfurt"]
[Result "1-0"]
[Round "5.28"]
[WhiteElo "1875"]
[BlackElo "1508"]
[PlyCount "300"]
[Date "2024.06.03"]
[Time "18:30:00"]
[WhiteTeam "Vorw.Orient Mainz"]
[BlackTeam "vereinslos"]

1. Nf3 d6 2. c4 c6 3. g3 Bg4 4. Bg2 e5 5. Nc3 Be7 6. O-O Nd7 7. h3 Bh5 8. d3 Nf8 
9. Rb1 Qd7 10. b4 Bxf3 11. exf3 a6 12. Be3 Ne6 13. Na4 Bd8 14. d4 b5 15. Nb2 exd4 
16. Bxd4 Bf6 17. Re1 Bxd4 18. Qxd4 Nf6 19. Rbd1 d5 20. cxd5 cxd5 21. f4 O-O 22. 
Qe5 Rad8 23. Rd2 Rfe8 24. Qf5 g6 25. Qxf6 Ng7 26. Rxe8+ Rxe8 27. Nd3 Re6 28. Qd4 
Nf5 29. Qxd5 Rd6 30. Qa8+ Kg7 31. Ne5 Qc7 32. Rxd6 Qxd6 33. Qd5 Qc7 34. Qc6 Qa7 
35. Qd7 Qb6 36. Qxf7+ Kh6 37. Ng4+  1-0

[Event "ch-Frankfurt A"]
[White "Plattner, Rolf"]
[Black "Weber, Axel"]
[Site "Frankfurt"]
[Result "1-0"]
[Round "5.29"]
[WhiteElo "1832"]
[BlackElo "1508"]
[PlyCount "300"]
[Date "2024.06.03"]
[Time "18:30:00"]
[WhiteTeam "SK Langen"]
[BlackTeam "SF Frankfurt 1921"]

1. e4 e6 2. d4 d5 3. Nc3 Nf6 4. e5 Nfd7 5. f4 c5 6. Nf3 Nc6 7. Be3 cxd4 8. Nxd4 Be7 
9. Qd2 a6 10. Be2 O-O 11. O-O Nxd4 12. Bxd4 Qc7 13. Rae1 Bc5 14. Kh1 Bxd4 15. Qxd4 
Qc5 16. Qd2 b5 17. Bf3 Nb6 18. b3 Bb7 19. Ne2 Rac8 20. Nd4 Nd7 21. f5 Rfe8 22. f6 
Qf8 23. fxg7 Qxg7 24. Qe3 Re7 25. Bh5 Nf8 26. Rf3 Rcc7 27. Ref1 Ng6 28. Rg3 Kh8 
29. Rf6 Rc8 30. Bxg6 hxg6 31. Qg5 Rcc7 32. Rh3+ Kg8 33. Rh6 Bc8 34. h4 Bd7 35. h5 
gxh5 36. Qxh5 Be8 37. Qh3 b4 38. Rf4 Rc3 39. Nf3  1-0

[Event "ch-Frankfurt A"]
[White "Rohatgi, Kushagra"]
[Black "Shanawaz Thabrez, Shahzaib"]
[Site "Frankfurt"]
[Result "0-1"]
[Round "5.30"]
[WhiteElo "1723"]
[BlackElo "1761"]
[PlyCount "300"]
[Date "2024.06.03"]
[Time "18:30:00"]
[WhiteTeam "SAbt TuS Makkabi Ffm"]
[BlackTeam "SK Langen"]

1. e4 e5 2. Nf3 Nc6 3. Bc4 Nf6 4. d3 Bc5 5. c3 d5 6. exd5 Nxd5 7. O-O O-O 8. Re1 
Bg4 9. h3 Bh5 10. a4 a5 11. Nbd2 Nb6 12. Qe2 Re8 13. Bb3 Bg6 14. Ne4 Be7 15. Be3 
Nd5 16. Rad1 Kh8 17. Bc1 f5 18. Neg5 Bf6 19. Ne4 Nf4 20. Bxf4 exf4 21. Qf1 fxe4 
22. dxe4 Qe7 23. Qb5 Ne5 24. Nxe5 Bxe5 25. Qxb7 f3 26. g3 Rf8 27. Qc6 Bxg3 28. Qd7 
Bxf2+ 29. Kxf2 Qh4+ 30. Kf1 f2 31. Re3 Qg5 32. Qd3 Qg1+ 33. Ke2 Bh5+ 34. Kd2 Rad8 
35. Rxg1 fxg1Q 36. Qxd8 Rxd8+ 37. Rd3 Qf2+ 38. Kc1 Qe1+ 39. Kc2 Bd1+ 40. Kc1 Bxb3+ 
41. Rd1 Qxd1#  0-1